Quizzes
Events
Quiz Creation
Community
Videos
Private Events
Remove Ads
Sign In
Join for FREE
Feedback
Dark Mode
Quiz Categories
Sports
Geography
Music
Movies
Television
Just For Fun
Miscellaneous
History
Literature
Language
Science
Gaming
Entertainment
Religion
Holiday
For Kids
Quiz Lab
Recent
Popular Today
Quiz Kudos Today
Editor Picks
Curator Picks
Quizzes by...
Day
Popularity
Type
Ratings
Length
Year
Community
Subscriptions
Recent Discussions
Orange Saloon
Badges
Playlists
Quests
Create
Leaderboards
Showdown
Live 5
Trivia Bingo
Activity
Puzzle Library
Sporcle Events
Private Events
Virtual Trivia
Globe League
Become a Host
Pub Owners
SporcleCon
Opinionation
Our Games
Videos
Blog
Mobile Apps
Partnerships
Remove Ads and Go Orange
Feedback
Gaming
Video Games
Board Games
Card Games
Pokémon
Mario
Nintendo
Minecraft
Console
Toys
Legend of Zelda
Gaming
Video Games
Board Games
Card Games
Pokémon
Mario
Nintendo
Minecraft
Console
Toys
Legend of Zelda
Random Quiz
Search Sporcle
×
Quiz Lab
Quiz Lab
Gaming
Board Games
Type in answers that appear in a list
Type in answers that appear in a list
Classic
Best Score? Go Orange.
Final Fantasy XII rare game Stats
Can you name the Final Fantasy XII rare game?
By
BHornsy
10m
80 Questions
86 Plays
86 Plays
86 Plays
Comments
Comments
Give Quiz Kudos
Give Quiz Kudos
-
- Ratings
hide this ad
More Info
Replay
Link that replays current quiz
Next Quiz
Link to next quiz in quiz playlist
You Got
0%
They Got
Avg Score
63%
Avg Friend Score
Upgrade to see
Score Distribution
Jump to the score distribution portion of the page
Score
0/80
Timer
10:00
0
Plays Today
% Correct
Pineapple
89.5%
Ripe Rampager
81.4%
Aerieel
80.2%
Wary Wolf
80.2%
Matriarch Bomb
79.1%
Bull Croc
77.9%
Drowned
77.9%
Razorfin
76.7%
Bull Chocobo
76.7%
Megabomb
75.6%
Rain Dancer
75.6%
Lindbur Wolf
74.4%
Kaiser Wolf
74.4%
Zombie Lord
74.4%
Aeros
73.3%
Midgardsormr
73.3%
Vagrant Soul
72.1%
Wood Toad
72.1%
Aspidochelon
72.1%
Crystal Knight
70.9%
Greeden
69.8%
Urutan Exile
69.8%
Dheed
69.8%
Thalassinon
69.8%
Nekhbet
68.6%
Tower
68.6%
Cubus
67.4%
Victanir
67.4%
Crypt Bunny
66.3%
Larva Eater
66.3%
Bombshell
65.1%
Luxollid
65.1%
Minibug
65.1%
Disma
65.1%
Dustia
64%
Grey Molter
64%
Killbug
64%
Fideliant
62.8%
Pallicant
62.8%
Vishno
62.8%
% Correct
Gavial
62.8%
Grimalkin
62.8%
Anchag
61.6%
Etherian
61.6%
Phyllo
61.6%
Anubys
61.6%
Biding Mantis
61.6%
Kris
61.6%
Wendice
61.6%
Apsara
60.5%
Nazarnir
60.5%
Cultsworn Lich
59.3%
Helvinek
59.3%
Ishteen
59.3%
Melt
59.3%
Grave Lord
58.1%
Juggernaut
58.1%
Velelu
58.1%
Ancbolder
58.1%
Barmuu
57%
Tarasque
57%
Dreadguard
57%
Terror Tyrant
57%
Imdugud
55.8%
Negalmuur
55.8%
Spee
55.8%
Arioch
54.7%
Gemhorn
53.5%
Ithuno
53.5%
Vorres
53.5%
Molen
52.3%
Rageclaw
51.2%
Avenger
47.7%
Bluesang
46.5%
Myath
46.5%
Glaring Eye
44.2%
Alteci
44.2%
Abelisk
43%
Evil Spirit
41.9%
Skullash
40.7%
Quiz Playlist
Details
Report
Send in Message
Add To Playlist
More Info:
80 rare game including the Hunt Club rare game
Classic:
Type in answers that appear in a list
Quiz Source
Last Updated: Feb 16, 2017
Quiz Scoreboard
CHALLENGE
Sign Up to Join the Scoreboard
Show All
Scores
Hide
Comments
May contain spoilers
Recently Published
Presidents Visiting Landmarks
by Hejman
History
7m
An Introduction to Baseball
by treessimontrees
Sports
5m
Movies - When Are They Set?
by FPL_Elf
Movies
5m
More to Explore
Quiz From the Vault
Featured Blog Post
Where Did the Easter Bunny Come From?
hide this ad
You Might Also Like...
Tags
Board Games Quiz
Fantasy
final
Final Fantasy
Final Fantasy X
rare
XII
Today's Top Quizzes in Gaming
Browse Gaming
hide this ad
Today's Top Quizzes in Board Games
Browse Board Games
Top Contributed Quizzes in Gaming
1
5-to-1: Consoles
2
7-to-1: Board Game Piece Blitz
3
5-to-1: Legend of Zelda
4
Destiny 2 exotic weapons by perk icons
5
Ultimate Genshin Impact Logic Puzzle (up to 4.3)
6
Franchise by Action Figure
7
Overwatch Logic Puzzle
8
Who's on the WWE 2K24 Cover?
9
Genshin Impact Logic Puzzle Quiz
10
Windmill: Pokémon
Explore More
Trending Topics
Crossword
Anime
Kpop
Disney
Marvel
NBA
Harry Potter
Pokémon
Soccer
Puzzle
Country
WWE
NFL
The Office
Song
hide this ad
More By:
BHornsy
Quiz
Plays
Rating
Category
Featured
Created
Match the Beer with the Brewery
121
5.00
Just For Fun
May 25, 2012
Final Fantasy XII armor
119
Gaming
Jul 23, 2010
Final Fantasy XII rare game
86
Gaming
Jul 7, 2010
Go to Creator's Profile
Score Distribution
Quiz Creator Spotlight
BHornsy
Follow
Send a Message
Quizzes Created
-
Created Quiz Play Count
-
More By This Creator
Popular Quizzes Today
1
Find the US States - No Outlines Minefield
2
Find the Countries of Europe - No Outlines Minefield
3
The Countries of the World
4
Find the US States
5
Popular People in 1961
6
US States
7
Risky Map Clicking: Biggest States A-Z
8
Movies - When Are They Set?
More Gaming Quizzes
Super Mario Enemies A-Z
Editor's Pick
Trending Quizzes
Risky Map Clicking: Least Populous States A-Z
1-10 Letter G Words
1-10 Letter F Words
Risky Map Clicking: Next State Alphabetically
Risky Map Clicking: Biggest States A-Z
Recently Updated
Leaping Animals
pecheneg
Reality TV Shows (A-Z)
bhenderson79
Rickey Henderson's Hall of Fame Teammates
pecheneg
Champions League XIs: Arsenal
pecheneg
Quick Pick: Celebrities in WWE's Hall of Fame
aduchscher
A-Z Keypad Blitz II
pecheneg
Multiple Oscar Actors
pecheneg
Mystery Phrase Blitz: Oscar 'Best Actors'
pecheneg
F. Scott Fitzgerald Novels
LTH
Pick 3 Villains
ddd62291
Trending Topics
Crossword
Disney
NBA
Kpop
Marvel
Anime
Harry Potter
Puzzle
Soccer
The Office
WWE
Song
Country
NFL
Pokémon
Your Account Isn't Verified!
In order to create a playlist on Sporcle, you need to verify the email address you used during registration. Go to your
Sporcle Settings
to finish the process.
Report this User
Report this user for behavior that violates our
Community Guidelines
.
Details:
Send Report
Go to the Sporcle.com Mobile Site →
Comments